Iranian Revolution (Record no. 10948)
[ view plain ]
| 000 -LEADER | |
|---|---|
| fixed length control field | 00621nam a2200241 a 4500 |
| 020 ## - INTERNATIONAL STANDARD BOOK NUMBER | |
| ISBN | |
| 082 00 - DEWEY DECIMAL CLASSIFICATION NUMBER | |
| Classification number | 955.054 |
| Author Cutter | ESP |
| 100 ## - MAIN ENTRY--AUTHOR NAME | |
| Author name | Esposito, John L |
| 245 ## - TITLE STATEMENT | |
| Title | Iranian Revolution |
| Sub title | Its Global Impact |
| 260 ## - PUBLICATION, DISTRIBUTION, ETC. (IMPRINT) | |
| Place of publication | Miami |
| Name of publisher | Florida International Uni.Press |
| Year of publication | 1990 |
| 300 ## - PHYSICAL DESCRIPTION | |
| Number of Pages | 340p |
| 500 ## - GENERAL NOTE | |
| General note | includes index and biblioraphy |
| 505 2# - FORMATTED CONTENTS NOTE | |
| Formatted contents note | Index |
| 650 ## - SUBJECT ADDED ENTRY--TOPICAL TERM | |
| Topical Term | Iran-Relations-Islamic Countries |
| 942 ## - ADDED ENTRY ELEMENTS (KOHA) | |
| Koha item type | Books |
| 700 1# - | |
| -- | Esposito, John L |
| Collection code | Home library | Current library | Date acquired | Cost, normal purchase price | Full call number | Accession Number | Koha item type |
|---|---|---|---|---|---|---|---|
| Henry Martyn Institute Library | Henry Martyn Institute Library | 02/22/2011 | 563.50 | 955.054 ESP | 019306 | Books |
